| 000 | 00686nam a2200193 a 4500 | ||
|---|---|---|---|
| 003 | 0 | ||
| 005 | 20250211085302.0 | ||
| 008 | 120721s19uu xx 00 eng d | ||
| 050 |
_aPGS BJ 1533.R4 _b.S556 2012 |
||
| 100 | _aShin, Seung Han. | ||
| 245 |
_aReligious affiliation and respect / _cSeung Han Shin. |
||
| 260 |
_aLas PiƱas City, Philippines : _bSouthville International School and Colleges, _c2012. |
||
| 300 |
_a23 pages : _billustrations ; _c28 cm. |
||
| 504 | _aIncludes bibliographical references. | ||
| 650 |
_aRespect _vMoral and ethical aspects. |
||
| 650 | _aReligion and social behavior. | ||
| 650 |
_aMoral education _vElementary students. |
||
| 942 |
_2lcc _cPASS |
||
| 999 |
_c98759 _d98759 |
||